000 00429nam a2200181Ia 4500
008 090124s9999 xx 000 0 und d
082 _b126165
100 _aसाठे माया
245 _a अंबा
250 _a1
260 _c1994
300 _a180
600 _aसाठे माया
630 _a अंबा
700 _aसाठे माया
730 _a अंबा
942 _cBOOK
999 _c172255
_d172255